00293nam a2200121Ia 4500008004100000041000900041082001800050100001600068245003400084260003700118300000800155650000800163230718s9999 xx 000 0 und d aEng. a342795bIQB-C aIqbal,Usman 0aConstitution Of United States aPakistanbManzoor Law Bookc2016 a271 aLaw